000
00320nam a2200133Ia 4500
008
260604s9999 xx 000 0 und d
020
_a
9781627794213
082
_a
823.92 FAY
100
_a
Henry Holt & Company Inc
_9
35329
245
0
_a
The Journey to Dragon Island
260
_b
SHREE
500
_a
Dragon
942
_c
BK
999
_c
8108
_d
8108